Statystyki dla Imię męskie zaczynające się na samo „H”.

Kliknij tutaj aby rozwiązać quiz!

Ogólne statystyki

  • Ten quiz został rozwiązany 65 razy
  • Średni wynik to 4 z 8

Statystyki odpowiedzi

Odpowiedź% Poprawnych
Henryk
85%
Hubert
78%
Hubert
78%
Hieronim
57%
Horacy
28%
Hilary
27%
Hugo
23%
Hipolit
17%

Rozkład punktacji

Percentyl według liczby udzielonych odpowiedzi

Procent ludzi z każdym wynikiem

Twoja historia wyników

Nie rozwiązałeś tego quizu